1995 1243 1338 1181 1711 1997 1168 1582 1586 1751 1156 1775 1017 1255 1889 1159 1430 1063 1884 1102 1979 1891 1193 1785 1818 1624 1210 1115 1629 1514 1500 1400 1076 1699 1709 1554 1901 1835 1917 1874 1154 1708 1897 1592 1194 1042 1779 1625 1907 1815 1124 1303 1814 1119 1756 1465 1491 1275 1996 1913 1974 1885 1397 1607 1833 1919 1791 1983 1359 1335 1095 1025 1973 1974 1168 1158 1840 1894 1552 1540 1924 1343 1680 1318 1428 1154 1454 1109 1481 1394 1969 1791 1596 1044 1186 1533 1042 1823 1201 BCNSPRNW ULIB Ver.6.0+V

เปลี่ยนเป็นภาษาไทย

Change to English
 แสดงรายละเอียดบรรณานุกรม
  กลับหน้าหลัก

Brief Record : Get Marc (ISO 2709) : E-mail record : QR code < ปิดหน้าต่าง
LEADER : 00000nam 2200000uu 4500
001    13399120012
003     ULIB
008    120822s2555||||th 000 0 tha d
020    9789746522434
060  4 WS100^bพ864
245 04 พื้นฐานกุมารเวชศาสตร์^cอัจฉรา ตั้งสถาพรพงษ์, พรรณพัชร พิริยะนนท์, ศริยา ประจักษ์ธรรม และทิพวรรณ หรรษคุณาชัย
260    กรุงเทพฯ:^bไอกรุ๊ปเพรส,^c2555
300    406 หน้า:^bภาพประกอบ,^c21 cm
650  1 กุมารเวชศาสตร์
700 0  พรรณพัชร พิริยะนนท์
700 0  ศริยา ประจักษ์ธรรม
700 0  ทิพวรรณ หรรษคุณาชัย
945    ^p350^l0^i032458
945    ^p350^l0^i032459
945    ^p350^l0^i032460
945    ^p350^l0^i032461
945    ^p350^l0^i032462
945    ^p350^l0^i032463
945    ^p350^l0^i032464
995    เกษร
999    ^aใช้งานได้ทุกระบบ
รายการนี้ยังไม่มีแท็ก
คุณยังไม่ได้ล็อกอิน คุณสามารถมีกิจกรรมร่วมกับเว็บไซต์ได้ แต่ต้องล็อกอินก่อน ::
  ล็อกอิน

รายการสื่อสารสนเทศ

ลำดับที่ ประเภท เลขเรียก/บาร์โค้ด สถานที่ สถานะ
1. วิทยาศาสตร์การแพทย์ และสุขภาพ
หนังสือสำรอง
สถานะ=หนังสือสำรอง
WS100 พ864 ฉ.1 
  Barcode: 032458
ห้องสมุดวิทยาเขตสวรรค์ประชารักษ์
►ส่วนจัดเก็บหนังสือเก่า สปร
บนชั้น
  ขอยืม
2. วิทยาศาสตร์การแพทย์ และสุขภาพ
วิทยาศาสตร์การแพทย์ และสุขภาพ
WS100 พ864 ฉ.3 
  Barcode: 032460
ห้องสมุดวิทยาเขตสวรรค์ประชารักษ์
►ส่วนจัดเก็บหนังสือเก่า สปร
บนชั้น
  ขอยืม
3. วิทยาศาสตร์การแพทย์ และสุขภาพ
วิทยาศาสตร์การแพทย์ และสุขภาพ
WS100 พ864 ฉ.4 
  Barcode: 032461
ห้องสมุดวิทยาเขตสวรรค์ประชารักษ์
►ส่วนจัดเก็บหนังสือเก่า สปร
บนชั้น
  ขอยืม
4. วิทยาศาสตร์การแพทย์ และสุขภาพ
วิทยาศาสตร์การแพทย์ และสุขภาพ
WS100 พ864 ฉ.5 
  Barcode: 032462
ห้องสมุดวิทยาเขตสวรรค์ประชารักษ์
►ส่วนจัดเก็บหนังสือเก่า สปร
บนชั้น
  ขอยืม
5. วิทยาศาสตร์การแพทย์ และสุขภาพ
วิทยาศาสตร์การแพทย์ และสุขภาพ
WS100 พ864 ฉ.6 
  Barcode: 032463
ห้องสมุดวิทยาเขตสวรรค์ประชารักษ์
►ส่วนจัดเก็บหนังสือเก่า สปร
บนชั้น
  ขอยืม
6. วิทยาศาสตร์การแพทย์ และสุขภาพ
วิทยาศาสตร์การแพทย์ และสุขภาพ
WS100 พ864 ฉ.7 
  Barcode: 032464
ห้องสมุดวิทยาเขตสวรรค์ประชารักษ์
►ส่วนจัดเก็บหนังสือเก่า สปร
บนชั้น
  ขอยืม

รายการใกล้เคียง
    หัวเรื่อง [กุมารเวชศาสตร์]

BibComment


ยังไม่เคยถูกคอมเมนท์

คอมเมนท์ทรัพยากรรายการนี้
  คอมเมนท์: พื้นฐานกุมารเวชศา..


 Copyright 2026. Bcnsprnw @Library